Statistics for Largest city by Region in Western Europe

Click here to take the quiz!

General Stats

  • This quiz has been taken 22 times
  • The average score is 60 of 102

Answer Stats

Region/State/ProvincePopulationLargest city% Correct
NL - North Holland904.704Amsterdam
100%
BE - Antwerp530.630Antwerp
100%
DE - Berlin3.677.472Berlin
100%
BE - Brussels188.737Brussels
100%
DE - Hamburg1.853.935Hamburg
100%
LU - Luxembourg128.494Luxembourg
100%
DE - Bavaria1.487.708Munich
100%
NL - Utrecht361.686Utrecht
100%
AT - Vienna1.931.593Vienna
100%
CH - Zurich423.044Zurich
100%
CH - Bern134.243Bern
95%
DE - Bremen563.290Bremen
95%
DE - North Rhine-Westphalia1.073.096Cologne
95%
DE - Hesse759.224Frankfurt
95%
FR - Provence-Alpes-Côte d'Azur870.731Marseille
95%
FR - Île-de-France2.165.423Paris
95%
NL - South Holland655.473Rotterdam
95%
AT - Salzburg155.331Salzburg
95%
CH- Basel172.942Basel
90%
FR - Nouvelle-Aquitaine260.958Bordeaux
90%
CH - Geneva203.315Geneva
90%
NL - Groningen234.977Groningen
90%
DE - Lower Saxony535.932Hanover
90%
AT - Tyrol130.585Innsbruck
90%
DE - Schleswig-Holstein246.243Kiel
90%
DE - Saxony601.866Leipzig
90%
BE - Liège195.278Liège
90%
FR - Auvergne-Rhône-Alpes522.969Lyon
90%
FR - Occitania493.465Toulouse
90%
CH - Fribourg37.630Fribourg
86%
BE - East Flanders265.086Ghent
86%
AT - Styria292.630Graz
86%
AT - Upper Austria207.247Linz
86%
CH - Luzern82.897Luzern
86%
DE - Baden-Württemberg626.275Stuttgart
86%
NL - North Brabant238.305Eindhoven
81%
FR - Hauts-de-France234.475Lille
81%
MC - Monaco37.308Monaco
81%
FR - Pays de la Loire318.808Nantes
81%
DE - Saarland179.634Saarbrücken
81%
CH - St. Gallen76.306St. Gallen
81%
CH - Zug31.343Zug
81%
LU - Esch-sur-Alzette36.177Esch-sur-Alzette
76%
DE - Brandenburg183.154Potsdam
76%
FR - Brittany220.488Rennes
76%
DE - Mecklenburg-Western Pomerania208.400Rostock
76%
FR - Grand Est287.228Strasbourg
76%
FR - Corsica71.361Ajaccio
71%
BE - West Flanders118.509Brugge
71%
FR - Burgundy158.002Dijon
71%
CH - Vaud140.577Lausanne
71%
FR - Normandy168.290Le Havre
71%
DE - Rhineland-Palatinate217.556Mainz
71%
DE - Thuringia213.227Erfurt
67%
NL - Limburg121.108Maastricht
67%
BE - Namur112.559Namur
67%
CH - Schaffhausen37.243Schaffhausen
67%
CH - Neuchâtel44.482Neuchâtel
62%
BE - Hainaut202.421Charleroi
57%
AT - Carinthia102.618Klagenfurt
57%
CH - Ticino62.123Lugano
57%
FR - Centre-Val de Loire137.087Tours
52%
LU - Echternach5.705Echternach
48%
CH - Glarus19.208Glarus Nord
48%
DE - Saxony-Anhalt238.061Halle (Saale)
48%
LU - Mersch10.167Mersch
48%
CH - Grisons37.870Chur
43%
BE - Flemish Brabant102.236Leuven
43%
CH - Appenzell Inner Rhodes5.853Appenzell
38%
LU - Clervaux5.772Clervaux
38%
NL - Overijssel160.558Enschede
38%
LU - Vianden2.190Vianden
38%
LU - Wiltz7.723Wiltz
38%
CH - Valais35.233Sion
33%
NL - Flevoland217.843Almere
29%
NL - Gelderland179.081Nijmegen
29%
LI - Upper Country6.027Schaan
29%
AT - Vorarlberg50.360Dornbirn
24%
BE - Limburg79.524Hasselt
24%
NL - Friesland125.510Leeuwarden
24%
AT - Lower Austria56.360Sankt Pölten
24%
BE - Luxembourg30.818Arlon
19%
AT - Burgenland15.240Eisenstadt
19%
NL - Drenthe107.860Emmen
19%
CH - Argovia21.768Aarau
14%
CH - Uri9.718Altdorf
14%
CH - Jura12.479Delémont
10%
CH - Solothurn18.350Olten
10%
CH - Basel-Country21.567Allschwil
5%
LI - Lower Country4.601Eschen
5%
CH - Thurgovia25.963Frauenfeld
5%
CH - Schwyz16.614Freienbach
5%
CH - Appenzell Outer Rhodes15.675Herisau
5%
CH - Obwald10.650Sarnen
5%
CH - Nidwald8.134Stans
5%
NL - Zealand54.498Terneuzen
5%
BE - Walloon Brabant40.346Braine-l'Alleud
0%
LU - Diekirch9.362Ettelbruck
0%
LU - Grevenmacher8.470Junglinster
0%
LU - Capellen10.775Käerjeng
0%
LU - Remich5.436Mondorf-les-Bains
0%
LU - Redange4.715Rambrouch
0%

Score Distribution

Percentile by Number Answered

Percent of People with Each Score

Your Score History

You have not taken this quiz